MyGZULibrary

Black families / (Record no. 870)

MARC details
000 -LEADER
fixed length control field 01037cam a2200301 a 4500
001 - CONTROL NUMBER
control field 4679367
003 - CONTROL NUMBER IDENTIFIER
control field GZU
005 - DATE AND TIME OF LATEST TRANSACTION
control field 20200915145509.0
008 - FIXED-LENGTH DATA ELEMENTS--GENERAL INFORMATION
fixed length control field 810826s1981 caua b 000 0 eng
010 ## - LIBRARY OF CONGRESS CONTROL NUMBER
LC control number 81014442
020 ## - INTERNATIONAL STANDARD BOOK NUMBER
International Standard Book Number 0803917414
020 ## - INTERNATIONAL STANDARD BOOK NUMBER
International Standard Book Number 0803917422 (pbk.)
040 ## - CATALOGING SOURCE
Original cataloging agency DLC
Transcribing agency DLC
Modifying agency DLC
043 ## - GEOGRAPHIC AREA CODE
Geographic area code n-us---
050 10 - LIBRARY OF CONGRESS CALL NUMBER
Classification number E185.86
Item number BLA 1981
082 00 - DEWEY DECIMAL CLASSIFICATION NUMBER
Classification number 305.8/96073
Edition number 19
245 00 - TITLE STATEMENT
Title Black families /
Statement of responsibility, etc. edited by Harriette Pipes McAdoo.
260 ## - PUBLICATION, DISTRIBUTION, ETC.
Place of publication, distribution, etc. Beverly Hills, Calif. :
Name of publisher, distributor, etc. Sage Publications,
Date of publication, distribution, etc. c1981.
300 ## - PHYSICAL DESCRIPTION
Extent 303 p. :
Other physical details ill. ;
Dimensions 23 cm.
490 0# - SERIES STATEMENT
Series statement Sage focus editions ;
Volume/sequential designation 41
504 ## - BIBLIOGRAPHY, ETC. NOTE
Bibliography, etc. note Includes bibliographies.
650 #0 - SUBJECT ADDED ENTRY--TOPICAL TERM
Topical term or geographic name entry element African American families.
700 1# - ADDED ENTRY--PERSONAL NAME
Personal name McAdoo, Harriette Pipes.
856 42 - ELECTRONIC LOCATION AND ACCESS
Materials specified Publisher description
Uniform Resource Identifier <a href="http://www.loc.gov/catdir/enhancements/fy0660/81014442-d.html">http://www.loc.gov/catdir/enhancements/fy0660/81014442-d.html</a>
856 42 - ELECTRONIC LOCATION AND ACCESS
Materials specified Contributor biographical information
Uniform Resource Identifier <a href="http://www.loc.gov/catdir/enhancements/fy0738/81014442-b.html">http://www.loc.gov/catdir/enhancements/fy0738/81014442-b.html</a>
906 ## - LOCAL DATA ELEMENT F, LDF (RLIN)
a 7
b cbc
c orignew
d 1
e ocip
f 19
g y-gencatlg
942 ## - ADDED ENTRY ELEMENTS (KOHA)
Source of classification or shelving scheme Library of Congress Classification
Koha item type Books
Classification part 185.86
Item part BLA
Call number prefix E
Holdings
Withdrawn status Lost status Damaged status Not for loan Collection code Home library Current library Shelving location Date acquired Total Checkouts Full call number Barcode Date last seen Copy number Price effective from Koha item type
        Non-fiction City Campus Library City Campus Library General Stacks 09/15/2020   E 185.86 BLA 1981 024738 09/15/2020 c.1 09/15/2020 Books